000 00827nam a2200253Ia 4500
003 OSt
005 20221005104614.0
006 a|||||r|||| 00| 0
007 ta
008 221004b |||||||| |||| 00| 0 hin d
020 _a8183610056 (hbk)
_c150
024 _a97580
037 _b577, 23/03/2009, Vani Prakashan
_cTextual
040 _aCRL
_cCRL
_bhin
041 _2hin
_ahin
082 _aO152,3NGU,KH, P5
100 _aगुलज़ार
245 0 _aख़शबू
_b मंज़रनामा
246 _aKha़shabū: manज़ranāmā
260 _aदिल्ली
_bराधाकृष्ण भारत
_c2005
300 _a111पृ0
_ccm.
942 _hO152,3NGU,KH, P5
_cTEXL
_2cc
999 _c1013224
_d1013224